| 000 | 00466nam a22001457a 4500 | ||
|---|---|---|---|
| 008 | 150713b xxu||||| |||| 00| 0 eng d | ||
| 020 | _a9780340943649 | ||
| 050 | _aBT722.K33 | ||
| 100 |
_aKendall, R.T. _917999 |
||
| 245 |
_aTotally forgiving ourselves _bcomapanion to the bestselling total forgiveness _c/by R.T. Kendall |
||
| 260 |
_aLondon _bHodder and Stroughton _c2007 |
||
| 300 |
_axxvi,229p. ; _c24cm. |
||
| 650 |
_aGuilt _918000 |
||
| 942 |
_2lcc _cMONOGRAPH |
||
| 999 |
_c122885 _d122885 |
||